Hänsel und Gretel / (Record no. 196086)

MARC details
000 -LEADER
campo de control de longitud fija 03310njm a2200577 i 4500
001 - NÚMERO DE CONTROL
campo de control 196086
003 - IDENTIFICADOR DE NÚMERO DE CONTROL
campo de control ES-MaACL
005 - FECHA Y HORA DE LA ÚLTIMA TRANSACCIÓN
campo de control 20250904042252.0
007 - CAMPO FIJO DE DESCRIPCIÓN FÍSICA--INFORMACIÓN GENERAL
campo de control de longitud fija sd*fsngnnmmned
008 - DATOS DE LONGITUD FIJA--INFORMACIÓN GENERAL
campo de control de longitud fija 240209s2006 sp opn d / ger
015 ## - NÚMERO DE BIBLIOGRAFÍA NACIONAL
Número de bibliografía nacional SON06
017 ## - NÚMERO DE COPYRIGHT O DE DEPÓSITO LEGAL
Número de copyright o de depósito legal M 48042-2006
Agencia que asigna Oficina Depósito Legal Madrid
020 ## - NÚMERO INTERNACIONAL ESTÁNDAR DEL LIBRO
Número Internacional Estándar del Libro 97884936832022
035 ## - NÚMERO DE CONTROL DEL SISTEMA
Número de control de sistema (OCoLC)431145913
035 ## - NÚMERO DE CONTROL DEL SISTEMA
Número de control de sistema (SpMaBN)a4555157
040 ## - FUENTE DE CATALOGACIÓN
Centro catalogador/agencia de origen SpMaBN
Lengua de catalogación spa
Centro/agencia transcriptor SpMaBN
Normas de descripción rdc
100 1# - ENTRADA PRINCIPAL--NOMBRE DE PERSONA
Nombre de persona Humperdinck, Engelbert,
Fechas asociadas al nombre 1854-1921
9 (RLIN) 240553
Término indicativo de función/relación Compositor
240 10 - TÍTULO UNIFORME
Título uniforme Hänsel und Gretel
245 10 - MENCIÓN DEL TÍTULO
Título Hänsel und Gretel /
Mención de responsabilidad, etc. Humperdinck ; libreto de Adelheid Wette
Medio [Grabación sonora]
260 ## - PUBLICACIÓN, DISTRIBUCIÓN, ETC.
Lugar de publicación, distribución, etc. Madrid :
Nombre del editor, distribuidor, etc. Prisa Innova,
Fecha de publicación, distribución, etc. D.L. 2006
264 ## - PRODUCCIÓN, PUBLICACIÓN, DISTRIBUCIÓN, FABRICACIÓN Y COPYRIGHT
Producción, publicación, distribución, fabricación y copyright ©2007
300 ## - DESCRIPCIÓN FÍSICA
Extensión 2 discos (CD Audio) +
Material acompañante/anejo 1 libro (76 páginas)
336 ## - TIPO DE CONTENIDO
Fuente rdacontent
Término de tipo de contenido música (interpretada)
337 ## - TIPO DE MEDIO
Fuente rdamedia
Nombre/término del tipo de medio audio
338 ## - TIPO DE SOPORTE
Fuente rdacarrier
Nombre/término del tipo de soporte volumen
490 1# - MENCIÓN DE SERIE
Mención de serie Los clásicos de la ópera, 400 años ;
Designación de volumen o secuencia 11
500 ## - NOTA GENERAL
Nota general Remasterizado
511 1# - NOTA DE PARTICIPANTES O INTÉRPRETES
Nota de participantes o intérpretes Elisabeth Grümmer, Elisabeth Schwarzkopf, Else Schürhoff, Maria von Ilosvay, Josef Metternich, Anny Felbermayer ; Coros de la Loughton High School for Girls y la Bancroft's School ; Orquesta Philharmonia ; Herbert von Karajan, director musical.
518 ## - NOTA DE FECHA/HORA Y LUGAR DE UN ACONTECIMIENTO
Nota de fecha/hora y lugar de un acontecimiento Grabado en la Kingsway Hall de Londres en junio y julio de 1953
520 ## - RESUMEN, ETC.
Sumario, etc. El milagro de Hänsel und Gretel obedece al empleo de un refinado lenguaje musical de procedencia inequívocamente wagneriana que no renuncia a la complejidad, ni a un moderado pero innegable uso del leitmotiv, tan caro a su maestro, pero que permanece siempre accesible en virtud de una inagotable vena melódica trufada, o al menos así lo parece, de elementos folclóricos. Suministrando al discurso musical las perfectas dosis de fantasía y realismo, el exquisito gusto de Humperdinck y una falta de pretenciosidad muy de agradecer permiten ajustar como un guante la ligereza y espontaneidad de sus melodías a la ingenua atmósfera del relato infantil, evitando en todo momento cierto tono grandilocuente al que no pocos seguidores wagnerianos hubieran sucumbido.
650 #7 - PUNTO DE ACCESO ADICIONAL DE MATERIA--TÉRMINO DE MATERIA
Término de materia o nombre geográfico como elemento de entrada Óperas-
9 (RLIN) 137584
Subdivisión de forma Libretos
655 #7 - TERMINO DE INDIZACIÓN--GENERO/FORMA
Datos o término principal de género/forma Libretos
Fuente del término
9 (RLIN) 242219
700 1# - ENTRADA AGREGADA--NOMBRE PERSONAL
Nombre de persona Wette, Adelheid,
Fechas asociadas al nombre 1858-1916-
Título de la obra Hänsel und Gretel-
Lenguaje de la obra Español-Alemán
9 (RLIN) 238118
Término indicativo de función/relación Libretista
700 1# - ENTRADA AGREGADA--NOMBRE PERSONAL
Nombre de persona Grümmer, Elisabeth,
Fechas asociadas al nombre 1911-1986
9 (RLIN) 238119
Término indicativo de función/relación Intérprete
700 1# - ENTRADA AGREGADA--NOMBRE PERSONAL
Nombre de persona Schwarzkopf, Elisabeth,
Fechas asociadas al nombre 1915-2006
9 (RLIN) 238120
Término indicativo de función/relación Intérprete
700 1# - ENTRADA AGREGADA--NOMBRE PERSONAL
Nombre de persona Schürhoff, Else
9 (RLIN) 238121
Término indicativo de función/relación Intérprete
700 1# - ENTRADA AGREGADA--NOMBRE PERSONAL
Nombre de persona Ilosvay, María von
9 (RLIN) 238122
Término indicativo de función/relación Intérprete
700 1# - ENTRADA AGREGADA--NOMBRE PERSONAL
Nombre de persona Metternich, Josef,
Fechas asociadas al nombre 1915-2005
9 (RLIN) 238123
Término indicativo de función/relación Intérprete
700 1# - ENTRADA AGREGADA--NOMBRE PERSONAL
Nombre de persona Felbermayer, Anny
9 (RLIN) 238124
Término indicativo de función/relación Intérprete
700 1# - ENTRADA AGREGADA--NOMBRE PERSONAL
Nombre de persona Karajan, Herbert von,
Fechas asociadas al nombre 1908-1989
9 (RLIN) 235581
Término indicativo de función/relación Director musical
710 2# - ENTRADA AGREGADA--NOMBRE DE ENTIDAD CORPORATIVA
Nombre de entidad corporativa o nombre de jurisdicción como elemento de entrada Loughton High School for Girls-
Unidad subordinada Chorus
9 (RLIN) 238125
710 2# - ENTRADA AGREGADA--NOMBRE DE ENTIDAD CORPORATIVA
Nombre de entidad corporativa o nombre de jurisdicción como elemento de entrada Bancroft's School-
Unidad subordinada Chorus
9 (RLIN) 238126
710 2# - ENTRADA AGREGADA--NOMBRE DE ENTIDAD CORPORATIVA
Nombre de entidad corporativa o nombre de jurisdicción como elemento de entrada Philharmonia Orchestra (Londres)
9 (RLIN) 237912
852 ## - LOCALIZACIÓN
Ubicación ES-MaACL
Sublocalización o colección R.155022
Ubicación en estantería Depósito J
Número de control de estantería N-9806
Donativo/Legado Donación: Miren Fernández
Encuadernación Encuadernación cartoné
Designación de la unidad física Volumen 11
itemnumber 205617
903 ## - NOMBRE PERSONAL DE DONANTE
a Fernández, Miren
e Donante
942 ## - ELEMENTOS DE ENTRADA SECUNDARIOS (KOHA)
Tipo de ítem Koha Libro impreso
Suprimir en OPAC No
Holdings
Estatus retirado Estado de pérdida Fuente del sistema de clasificación o colocación Estado de daño No para préstamo Biblioteca de origen Biblioteca actual Ubicación en estantería Fecha de adquisición Fuente de adquisición Total de préstamos Signatura topográfica completa Código de barras Visto por última vez Precio de reemplazo Tipo de ítem Koha
    Clasificación decimal universal     Biblioteca del Ateneo de Madrid Biblioteca del Ateneo de Madrid Depósito J 19/05/2025 Donación   N-9806 101230111 19/05/2025 19/05/2025 Libro impreso